Linear algebra

Guardat en:
Dades bibliogràfiques
Autors principals: Hoffman, Kenneth (Autor), Kunze, Ray Alden (Autor)
Format: Llibre
Idioma:anglès
Publicat: Englewood Cliffs Prentice-Hall 1971
Edició:2a. ed
Matèries:
Etiquetes: Afegir etiqueta
Sense etiquetes, Sigues el primer a etiquetar aquest registre!

MARC

LEADER 00000nam a2200000 a 4500
001 UCW1593
003 CL-VaPUC
008 920812e19710000US |||||||||||||||||eng|d
082 0 4 |a 512.5  |b HOF  |2 21 
100 |a Hoffman, Kenneth  |e author  |9 564135 
700 0 |a Kunze, Ray Alden  |e author  |9 305630 
245 1 0 |a Linear algebra 
250 |a 2a. ed 
300 |a 407 p 
942 |c BK 
945 |d 19920812 00:00:00 
260 |a Englewood Cliffs  |b Prentice-Hall  |c 1971 
650 0 |a Álgebra lineal   |9 260445 
583 |a last modification  |c 20120529 01:31:18  |k Rodrigo Vera 
999 |c 216467  |d 216465 
952 |0 0  |1 0  |4 0  |6 512_500000000000000_HOF_1971  |7 0  |8 A  |9 202197  |a BIBMAT  |b BIBMAT  |d 2019-11-14  |i 2693186  |l 1  |o 512.5 HOF 1971  |p 2693186  |r 2025-01-07  |s 2022-08-08  |w 2019-11-14  |y BK  |k MAT 
952 |0 0  |1 0  |4 0  |6 512_500000000000000_HOF_1971  |7 0  |8 A  |9 202198  |a BIBMAT  |b BIBMAT  |d 2019-11-14  |i 1303813  |l 11  |m 13  |o 512.5 HOF 1971  |p 1303813  |r 2025-01-07  |s 2023-05-04  |w 2019-11-14  |y BK  |k MAT